Livin' On A Prayer or You Give Love A Bad Name? - Click Quiz - Statistics

General Stats
  • This quiz has been taken 19 times
  • The average score is 29 of 32
Answer Stats
Hint Answer % Correct
Gina works the diner all day Livin' On A Prayer
100%
It doesn't make a difference if we make it or not Livin' On A Prayer
100%
Take my hand, we'll make it, I swear Livin' On A Prayer
100%
When she cries in the night, Tommy whispers "Baby, it's okay," someday Livin' On A Prayer
100%
An angel's smile is what you sell You Give Love A Bad Name
100%
Tommy used to work on the docks Livin' On A Prayer
94%
It's tough, so tough Livin' On A Prayer
94%
She brings home her pay for love Livin' On A Prayer
94%
We got each other, and that's a lot for love Livin' On A Prayer
94%
We'll give it a shot Livin' On A Prayer
94%
Oh, we're half way there Livin' On A Prayer
94%
Tommy's got his six-string in hock Livin' On A Prayer
94%
Gina dreams of running away Livin' On A Prayer
94%
Shot through the heart and you're to blame You Give Love A Bad Name
94%
When passion's a prison, you can't break free You Give Love A Bad Name
94%
Oh, there's nowhere to run You Give Love A Bad Name
94%
I play my part and you play your game You Give Love A Bad Name
94%
Paint your smile on your lips You Give Love A Bad Name
94%
Union's been on strike, he's down on his luck Livin' On A Prayer
88%
Working for her man Livin' On A Prayer
88%
She says, We've gotta hold on to what we've got Livin' On A Prayer
88%
Ooh, we gotta hold on, ready or not Livin' On A Prayer
88%
Woah, you're a loaded gun, yeah You Give Love A Bad Name
88%
No one can save me, the damage is done You Give Love A Bad Name
88%
A school boy's dream, you act so shy You Give Love A Bad Name
88%
You live for the fight when that's all that you've got Livin' On A Prayer
81%
You promised me heaven, then put me through hell You Give Love A Bad Name
81%
Chains of love got a hold on me You Give Love A Bad Name
81%
Your very first kiss was your first kiss goodbye You Give Love A Bad Name
81%
Now he's holding in what he used to make it talk Livin' On A Prayer
75%
Blood red nails on your fingertips You Give Love A Bad Name
75%
Once upon a time, not so long ago Livin' On A Prayer
63%
No matching quizzes found
Score Distribution
Percent of People with Each Score
Percentile by Number Answered
Your Score History
You have not taken this quiz